FAO fisheries technical paper N368 Fisheries bioeconomics,Theory, modelling and management

保存先:
書誌詳細
第一著者: J C Seijo
フォーマット: 図書
言語:Undetermined
出版事項: Rome FAO 1998
タグ: タグ追加
タグなし, このレコードへの初めてのタグを付けませんか!
Thư viện lưu trữ: Trung tâm Học liệu Trường Đại học Cần Thơ
LEADER 00538nam a2200181Ia 4500
001 CTU_33961
008 210402s9999 xx 000 0 und d
082 |a 639 
082 |b F533/N368 
100 |a J C Seijo 
245 0 |a FAO fisheries technical paper N368 
245 0 |b Fisheries bioeconomics,Theory, modelling and management 
245 0 |c J C Seijo,O Defeo,S Salas,FAO 
260 |a Rome 
260 |b FAO 
260 |c 1998 
904 |i Nguyễn Quang Điền, 991118 
980 |a Trung tâm Học liệu Trường Đại học Cần Thơ